|
|
|
|
| LEADER |
00000nab a2200000 a 4500 |
| 001 |
vtls000234736 |
| 003 |
SK-MaSNL |
| 005 |
20260304220224.0 |
| 008 |
250422c1985 xo 0 slo |
| 015 |
|
|
|a SNBRB19rr/mm-uuuuu
|
| 035 |
|
|
|a CL0244850
|
| 035 |
|
|
|a urn:nbn:sk:snk-ab1tpe
|
| 035 |
|
|
|a (urnnbn)urn:nbn:sk:snk:ar-a00x55
|
| 035 |
|
|
|a (uuid)32cddd7c-9c34-43c7-ae09-1b6821a3d9ce
|
| 040 |
|
|
|a SNKBUCL
|b slo
|c SNKBUCL
|e AACR2
|
| 041 |
0 |
|
|a slo
|
| 044 |
|
|
|a xo
|c SK
|
| 080 |
|
|
|a 78.071.1
|2 1981
|
| 080 |
|
|
|a 929 Berger, Roman
|2 1981
|
| 100 |
1 |
|
|a Berger, Roman,
|d 1930-2020
|4 aut
|9 90463
|
| 245 |
1 |
0 |
|a O čistom svedomí hudby
|b Hovoríme so skladateľom a teoretikom Romanom Bergerom
|c Roman Berger, Ján Szelepcsényi
|
| 300 |
|
|
|b Obr 1.
|
| 600 |
1 |
7 |
|a Berger, Roman,
|d 1930-2020
|2 snkbucl
|9 90463
|
| 655 |
|
7 |
|a články z novín a časopisov
|2 snkbucl
|9 267496
|
| 700 |
1 |
|
|a Szelepcsényi, Ján,
|d 1937-2025
|4 aut
|9 239462
|
| 773 |
0 |
|
|t Hudobný život
|g Roč. 17, č. 23 (1985), s. 4
|
| 850 |
|
|
|a Slovenská národná knižnica
|
| 852 |
|
|
|a Slovenská národná knižnica
|
| 954 |
|
|
|a odborná, vedecká literatúra pôvodná (slovenská)
|2 lita
|
| 958 |
|
|
|a article27
|
| 958 |
|
|
|a OND
|
| 958 |
|
|
|a BX
|
| 958 |
|
|
|a RK
|
| 958 |
|
|
|a EUIPO
|
| 992 |
|
|
|a RBX
|
| 999 |
|
|
|c 3150813
|d 3152743
|